4508-佐伯市(大分県)の駅 - Statistics

General Stats
  • This quiz has been taken 15 times
  • The average score is 6 of 9
Answer Stats
Answer % Correct
佐伯
100%
重岡
87%
宗太郎
87%
浅海井
73%
海崎
67%
上岡
60%
狩生
53%
直見
53%
直川
53%
No matching quizzes found
Score Distribution
Percent of People with Each Score
Percentile by Number Answered
Your Score History
You have not taken this quiz